000 00679nam a22002172 4500
001 0000004316
005 20151217154347.0
008 070522s xx 000 0 eng d
020 _a0761917810 :
_cKES 4,955
040 _aKABU
_cKABU
050 0 _aQA276.4
_b.B471
100 1 _aBernstein, Ira H.
_@0000154807
245 1 0 _aStatistical data analysis using your personal computer /
_cIra H. Bernstein, Nancy A. Rowe.
260 _aLondon :
_bSage,
_c2001.
300 _aix, 406 p.
650 0 _aStatistics
_xData processing.
_@0000154808
700 1 _aRowe, Nancy A.
_@0000154809
908 _a070522
950 _@1
999 _c10754
_d10754